| 000 | 01073nam a2200289 a 4500 | ||
|---|---|---|---|
| 001 | BRL_1720 | ||
| 005 | 20190320211335.0 | ||
| 008 | 290514s1956----mx-ao#####---#000-0#spa-# | ||
| 041 | _aspa | ||
| 044 | _amx | ||
| 050 | 4 |
_aF1219.76.S64 _b.S68 1956 |
|
| 100 | 1 |
_aSoutelle, Jacques _d1912- _927725 |
|
| 245 | 1 | 0 |
_aLa vida cotidiana de los aztecas en vísperas de la conquista _cJacques Soustelle ; versión española de Carlos Villegas. |
| 260 |
_aMéxico _bFondo de Cultura Económica _c1956 |
||
| 300 |
_a283 p. _bil., láminas _c24 cm. |
||
| 440 | 0 |
_aSección de obras de antropología _927726 |
|
| 500 | _aAu1816 | ||
| 500 | _aTraducción de: La vie quotidienne des Aztèques a la veille de la conquête espagnole | ||
| 500 | _aIncluye índice de láminas y de figuras | ||
| 500 | _aEstado físico: camisa rota | ||
| 504 | _aBibliografía: p. 274 - 275 | ||
| 650 | 1 | 4 |
_aAztecas _xVida social y costumbres _925874 |
| 650 | 1 | 4 |
_aIndígenas de México _xVida social y costumbres _910614 |
| 700 | 1 |
_aVillegas, Carlos _etr. _927727 |
|
| 902 | _aGRL | ||
| 942 |
_2lcc _cB |
||
| 999 |
_c10528 _d10528 |
||